<?xml version="1.0" encoding="UTF-8"?>
<record
    xmlns:xsi="http://www.w3.org/2001/XMLSchema-instance"
    xsi:schemaLocation="http://www.loc.gov/MARC21/slim http://www.loc.gov/standards/marcxml/schema/MARC21slim.xsd"
    xmlns="http://www.loc.gov/MARC21/slim">

  <leader>03869nam a22003377a 4500</leader>
  <controlfield tag="003">DO-SdBNP</controlfield>
  <controlfield tag="005">20210420123857.0</controlfield>
  <controlfield tag="008">171110b   2005 dr| 00| 0 spa d</controlfield>
  <datafield tag="020" ind1=" " ind2=" ">
    <subfield code="a">9993439428</subfield>
  </datafield>
  <datafield tag="040" ind1=" " ind2=" ">
    <subfield code="a">BPMSU</subfield>
    <subfield code="b">spa</subfield>
    <subfield code="c">BPMSU</subfield>
  </datafield>
  <datafield tag="082" ind1=" " ind2=" ">
    <subfield code="a">410 </subfield>
    <subfield code="b">C422e</subfield>
    <subfield code="2">22</subfield>
  </datafield>
  <datafield tag="092" ind1=" " ind2=" ">
    <subfield code="a"> </subfield>
    <subfield code="b"> </subfield>
  </datafield>
  <datafield tag="100" ind1="1" ind2=" ">
    <subfield code="a">C&#xE9;spedes, Di&#xF3;genes,</subfield>
    <subfield code="d">1941-</subfield>
  </datafield>
  <datafield tag="245" ind1="1" ind2="0">
    <subfield code="a">Ensayos sobre ling&#xFC;&#xED;stica, po&#xE9;tica y cultura /</subfield>
    <subfield code="c">Di&#xF3;genes C&#xE9;spedes.</subfield>
  </datafield>
  <datafield tag="250" ind1=" " ind2=" ">
    <subfield code="a">2a ed.</subfield>
  </datafield>
  <datafield tag="260" ind1=" " ind2=" ">
    <subfield code="a">Santo Domingo :</subfield>
    <subfield code="b">La Trinitaria ;</subfield>
    <subfield code="c">2005.</subfield>
  </datafield>
  <datafield tag="300" ind1=" " ind2=" ">
    <subfield code="a">475 p. ;</subfield>
    <subfield code="c">23 cm.</subfield>
  </datafield>
  <datafield tag="500" ind1=" " ind2=" ">
    <subfield code="a">Incluye referencias bibliogr&#xE1;ficas y notas al pie de las p&#xE1;ginas</subfield>
  </datafield>
  <datafield tag="500" ind1=" " ind2=" ">
    <subfield code="a">Incluye datos biogr&#xE1;ficos del autor en las solapas</subfield>
  </datafield>
  <datafield tag="505" ind1="0" ind2=" ">
    <subfield code="a">Presentaci&#xF3;n -- Introducci&#xF3;n -- Ling&#xFC;&#xED;stica -- La semi&#xF3;tica no se ocupa de textos literarios -- Pedro Henr&#xED;quez Ure&#xF1;a s&#xED; ley&#xF3; a Saussure  -- La prueba definitiva de que Pedro Henr&#xED;quez Ure&#xF1;a ley&#xF3; a Saussure -- Po&#xE9;tica -- El riesgo de la po&#xE9;tica de Rafael Catal&#xE1; -- &#xBF;Es Balaguer poeta?  -- Introducci&#xF3;n a una antolog&#xED;a valorativa de textos literarios dominicanos (1900-1991) -- El ritmo : ideas y pr&#xE1;cticas en seis escritores del Caribe e Hispanoam&#xE9;rica -- El entrem&#xE9;s de Cristobal de Llerena &#xED;ntegro por primera vez en la prensa -- La cuent&#xED;stica de Miguel Phipps o la transici&#xF3;n entre dos culturas -- Los h&#xE9;roes de la generaci&#xF3;n X -- La literatura de la generaci&#xF3;n X -- La estrategia pol&#xED;tica del grupo po&#xE9;tico del 48 -- Retratos contempor&#xE1;neos. Henri Meschonnic : la influencia de su po&#xE9;tica -- Retratos contempor&#xE1;neos : Octavio Paz (1914-98) : entre la fe y el conocimiento -- Las im&#xE1;genes del haitiano en la literatura dominicana -- La cr&#xED;tica literaria francesa y su influjo en la Rep&#xFA;blica Dominicana -- Balaguer, &#xBF;padre de la democracia y la poes&#xED;a? -- Joaqu&#xED;n Balaguer : el c&#xED;rculo de una vida literaria -- Juan Bosch : un ensayista de su tiempo -- Juan Bosch: un escritor para siempre -- La &#xE9;tica de pensar es pr&#xE1;ctica individual del sujeto -- Situaci&#xF3;n de la cr&#xED;tica literaria dominicana hasta el 2002 -- La po&#xE9;tica de Gast&#xF3;n F. Deligne -- La po&#xE9;tica de Federico Berm&#xFA;dez  -- El valor literario como problema en el discurso filos&#xF3;fico de Juan Francisco S&#xE1;nchez  -- M&#xFA;sica popular  (Sin partituras ) -- Apuntes sobre la funci&#xF3;n ideol&#xF3;gica del bolero  -- Lectura sem&#xE1;ntica de algunos boleros -- El flamenco : m&#xFA;sica nacional de Espa&#xF1;a (Esquema para un programa radial) 296 -- Investigaci&#xF3;n y revalorizaci&#xF3;n del merengue -- Una joya de disco compacto -- Brito el grande -- Brito, la voz -- Brito : el poema en la canci&#xF3;n -- Brito, romanzas famosas  -- Brito, romanzas famosas, y punto -- Eduardo Brito en CD -- Brito, canciones y contexto epocal  -- Tito C&#xE1;nepa, vivencias de un pintor -- Juan Luis Guerra y el riesgo de la creatividad -- Silvio Rodr&#xED;guez, m&#xE1;s all&#xE1; de la funci&#xF3;n ideol&#xF3;gica -- El jazz blanco de Kenny Neal -- Sistemas de signos : d&#xE1;ndoles palos a los palos -- El jazz dominicano : entre la creatividad y la b&#xFA;squeda de estatus social  -- Filosof&#xED;a del bolero -- Miguel Holgu&#xED;n Veras corrige el &#xE1;lbum Cer&#xF3;n-Cont&#xED;n Aybar  -- La bachata : una visi&#xF3;n personal 400 -- Cultura -- Notas para un comentario sobre los posmoderno -- Cr&#xED;tica al racionalismo del posmodernismo -- La ausencia de cultura popular en el discurso tradicional sobre la dominicanidad -- El deporte como cultura (Sosa y McGwire : calidad y competitividad en un mundo de identidades cambiantes)  -- &#xBF;Existe naci&#xF3;n dominicana?.</subfield>
  </datafield>
  <datafield tag="590" ind1=" " ind2=" ">
    <subfield code="6">Inventariado, 2021/VM</subfield>
  </datafield>
  <datafield tag="650" ind1=" " ind2="4">
    <subfield code="a">Ling&#xFC;&#xED;stica</subfield>
    <subfield code="v">Ensayos, conferencias, etc. </subfield>
  </datafield>
  <datafield tag="650" ind1=" " ind2="4">
    <subfield code="a">Ensayos dominicanos</subfield>
  </datafield>
  <datafield tag="650" ind1=" " ind2="4">
    <subfield code="a">Autores dominicanos  </subfield>
    <subfield code="v">Ensayos, conferencias, etc</subfield>
  </datafield>
  <datafield tag="650" ind1=" " ind2="4">
    <subfield code="a">Lenguaje y cultura.</subfield>
  </datafield>
  <datafield tag="650" ind1=" " ind2="4">
    <subfield code="a"> Literatura dominicana</subfield>
  </datafield>
  <datafield tag="910" ind1=" " ind2=" ">
    <subfield code="a">VMateo</subfield>
  </datafield>
  <datafield tag="942" ind1=" " ind2=" ">
    <subfield code="2">ddc</subfield>
    <subfield code="c">BK</subfield>
  </datafield>
  <datafield tag="945" ind1=" " ind2=" ">
    <subfield code="a">Inventariado, 2018 /LP</subfield>
  </datafield>
  <datafield tag="952" ind1=" " ind2=" ">
    <subfield code="0">0</subfield>
    <subfield code="1">0</subfield>
    <subfield code="2">ddc</subfield>
    <subfield code="4">0</subfield>
    <subfield code="7">0</subfield>
    <subfield code="8">CD</subfield>
    <subfield code="a">BPMET</subfield>
    <subfield code="b">BPMET</subfield>
    <subfield code="d">2017-11-10</subfield>
    <subfield code="e">BNPHU</subfield>
    <subfield code="l">0</subfield>
    <subfield code="o">BPMSU CD 410 C422e 2005</subfield>
    <subfield code="p">BPMSU17110150</subfield>
    <subfield code="r">2017-11-10</subfield>
    <subfield code="w">2017-11-10</subfield>
    <subfield code="y">BK</subfield>
  </datafield>
  <datafield tag="952" ind1=" " ind2=" ">
    <subfield code="0">0</subfield>
    <subfield code="1">0</subfield>
    <subfield code="2">ddc</subfield>
    <subfield code="4">0</subfield>
    <subfield code="7">0</subfield>
    <subfield code="8">CD</subfield>
    <subfield code="a">BPMET</subfield>
    <subfield code="b">BPMET</subfield>
    <subfield code="d">2021-03-09</subfield>
    <subfield code="e">Compra</subfield>
    <subfield code="i"> </subfield>
    <subfield code="l">0</subfield>
    <subfield code="o">BPMSU CD 410  C422e 2005</subfield>
    <subfield code="p">BPMSU21030019</subfield>
    <subfield code="r">2021-03-09</subfield>
    <subfield code="t">e.2</subfield>
    <subfield code="w">2021-03-09</subfield>
    <subfield code="y">BK</subfield>
  </datafield>
  <datafield tag="952" ind1=" " ind2=" ">
    <subfield code="0">0</subfield>
    <subfield code="1">0</subfield>
    <subfield code="2">ddc</subfield>
    <subfield code="4">0</subfield>
    <subfield code="7">0</subfield>
    <subfield code="8">CD</subfield>
    <subfield code="a">BPMET</subfield>
    <subfield code="b">BPMET</subfield>
    <subfield code="d">2021-03-09</subfield>
    <subfield code="e">Compra</subfield>
    <subfield code="i"> </subfield>
    <subfield code="o">BPMSU CD 410 C422e 2005</subfield>
    <subfield code="p">BPMSU21040031</subfield>
    <subfield code="r">2021-04-20</subfield>
    <subfield code="t">e.3</subfield>
    <subfield code="w">2021-03-09</subfield>
    <subfield code="y">BK</subfield>
  </datafield>
  <datafield tag="956" ind1=" " ind2=" ">
    <subfield code="a">BTAVAREZ</subfield>
    <subfield code="b">10</subfield>
    <subfield code="c">20171110</subfield>
    <subfield code="d">0038</subfield>
  </datafield>
  <datafield tag="999" ind1=" " ind2=" ">
    <subfield code="c">12846</subfield>
    <subfield code="d">12846</subfield>
  </datafield>
</record>
